000 00623nam a22002177a 4500
003 BUBTL
008 140130b xxu||||| |||| 00| 0 eng d
020 _a0-07-114538-9
082 _a658.4
_bNEM
100 _996
_aNewstrom, John W.
245 _aOrganizational behavior
_cby John W. Newstrom & Keith Davis.
250 _a10th ed.
260 _aNew York,
_bMcGraw Hill,
_cc2001.
300 _a[xxvi] , 611p . :
_bill , 24cm .
_cManagement .
500 _aIncludes Index .
650 0 _939
_aManagement
700 _997
_aDavis, Keith
856 _k0
_l0
_yDownload
942 _2ddc
_cBK
999 _c79
_d79